[Event "Champions Showdown Kings Blitz 2019-D"]
[Site "Saint Louis"]
[Date "2019.02.22"]
[Round "23"]
[White "Topalov, Veselin"]
[Black "Dominguez Perez, Leinier"]
[Result "1/2-1/2"]
[WhiteElo "2740"]
[BlackElo "2739"]
[Annotator "RC"]
[PlyCount "129"]
[EventDate "2019.02.09"]
[EventType "match"]
[EventCountry "USA"]
[SourceTitle "playchess.com"]
[Source "ChessBase"]
[SourceQuality "1"]
[TimeControl "900+10"]

1. e4 {[%emt 0:12:08]} d6 {[%emt 0:12:08]} 2. d4 {[%emt 0:00:09]} Nf6 {[%emt 0:00:09]} 3. Nc3 {[%emt 0:00:09]} g6 {[%emt 0:00:08]} 4. h3 {[%emt 0:00:10]} Bg7 {[%emt 0:00:10]} 5. Be3 {[%emt 0:00:09]} a6 {[%emt 0:00:08]} 6. f4 {[%emt 0:00:10]} O-O {[%emt 0:00:12]} 7. Bd3 {[%emt 0:00:21]} b5 {[%emt 0:00:14]} 8. e5 {[%emt 0:00:10]} dxe5 {[%emt 0:00:21]} 9. dxe5 {[%emt 0:00:18]} Nd5 {[%emt 0:00:09]} 10. Nxd5 {[%emt 0:00:09]} Qxd5 {[%emt 0:00:09]} 11. Nf3 {[%emt 0:00:12]} c5 {[%emt 0:00:23]} 12. O-O {[%emt 0:00:17]} Bb7 {[%emt 0:00:21]} 13. c3 {[%emt 0:00:12]} Nd7 {[%emt 0:00:18]} 14. a4 {[%emt 0:00:20]} Qc6 {[%emt 0:00:41]} 15. Qe2 {[%emt 0:00:16]} bxa4 {[%emt 0:00:14]} 16. Bc2 {[%emt 0:00:10]} Nb6 {[%emt 0:00:09]} 17. f5 {[%emt 0:00:14]} Qb5 {[%emt 0:00:15]} 18. Qf2 {[%emt 0:00:11]} Bxf3 {[%emt 0:00:12]} 19. Qxf3 {[%emt 0:00:13]} Bxe5 {[%emt 0:00:15]} 20. Be4 {[%emt 0:00:28]} Rad8 {[%emt 0:00:14]} 21. Bh6 {[%emt 0:00:10]} Bg7 {[%emt 0:00:10]} 22. Bxg7 {[%emt 0:00:09]} Kxg7 {[%emt 0:00:09]} 23. Rf2 {[%emt 0:00:19]} Nd7 {[%emt 0:00:38]} 24. Re1 {[%emt 0:00:24]} Qb8 {[%emt 0:00:44]} 25. Bc2 {[%emt 0:00:29]} Qd6 {[%emt 0:00:11]} 26. Bxa4 {[%emt 0:00:14]} Nf6 {[%emt 0:00:22]} 27. Bb3 {[%emt 0:00:15]} Rd7 {[%emt 0:00:17]} 28. Bc4 {[%emt 0:00:09]} Rfd8 {[%emt 0:00:10]} 29. Rfe2 {[%emt 0:00:24]} a5 {[%emt 0:00:10]} 30. b3 {[%emt 0:00:10]} Qc7 {[%emt 0:00:09]} 31. fxg6 {[%emt 0:00:25]} hxg6 {[%emt 0:00:09]} 32. Re5 {[%emt 0:00:09]} Rd1 {[%emt 0:00:17]} 33. Rxe7 {[%emt 0:00:12]} Qxe7 {[%emt 0:00:10]} 34. Rxd1 {[%emt 0:00:09]} Rxd1+ {[%emt 0:00:09]} 35. Qxd1 {[%emt 0:00:09]} Qe3+ {[%emt 0:00:08]} 36. Kh1 {[%emt 0:00:13]} Qxc3 {[%emt 0:00:13]} 37. Qf1 {[%emt 0:00:10]} Qe5 {[%emt 0:00:11]} 38. Qf3 {[%emt 0:00:11]} Qe1+ {[%emt 0:00:09]} 39. Kh2 {[%emt 0:00:09]} Qe5+ {[%emt 0:00:08]} 40. Kh1 {[%emt 0:00:09]} Qc7 {[%emt 0:00:09]} 41. Qc3 {[%emt 0:00:11]} Qd8 {[%emt 0:00:09]} 42. Qe5 {[%emt 0:00:11]} Qd1+ {[%emt 0:00:11]} 43. Kh2 {[%emt 0:00:08]} Qd4 {[%emt 0:00:11]} 44. Qc7 {[%emt 0:00:11]} Nd5 {[%emt 0:00:11]} 45. Bxd5 {[%emt 0:00:09]} Qxd5 {[%emt 0:00:09]} 46. Qxa5 {[%emt 0:00:10]} Qe5+ {[%emt 0:00:09]} 47. Kh1 {[%emt 0:00:09]} Kf6 {[%emt 0:00:11]} 48. Qb5 {[%emt 0:00:09]} Kf5 {[%emt 0:00:12]} 49. Qc4 {[%emt 0:00:10]} Qa1+ {[%emt 0:00:11]} 50. Kh2 {[%emt 0:00:09]} Qe5+ {[%emt 0:00:09]} 51. Kh1 Kf6 52. Kg1 {[%emt 0:00:26]} Ke7 {[%emt 0:00:17]} 53. Kf1 {[%emt 0:00:09]} f6 {[%emt 0:00:09]} 54. Kf2 {[%emt 0:00:13]} g5 {[%emt 0:00:11]} 55. Kf3 {[%emt 0:00:09]} Kd6 {[%emt 0:00:10]} 56. Qd3+ {[%emt 0:00:10]} Kc6 {[%emt 0:00:09]} 57. Qc4 {[%emt 0:00:10]} Kb6 {[%emt 0:00:09]} 58. g3 {[%emt 0:00:11]} Qf5+ {[%emt 0:00:09]} 59. Kg2 {[%emt 0:00:09]} Qe5 {[%emt 0:00:13]} 60. h4 {[%emt 0:00:11]} Qf5 {[%emt 0:00:09]} 61. b4 {[%emt 0:00:14]} cxb4 {[%emt 0:00:12]} 62. Qxb4+ {[%emt 0:00:09]} Kc6 {[%emt 0:00:08]} 63. Qc4+ {[%emt 0:00:09]} Kd6 {[%emt 0:00:09]} 64. Qd4+ {[%emt 0:00:09]} Ke7 {[%emt 0:00:11]} 65. hxg5 {[%emt 0:00:09]} 1/2-1/2

[Event "Champions Showdown Kings Blitz 2019-D"]
[Site "Saint Louis"]
[Date "2019.02.24"]
[Round "24"]
[White "Dominguez Perez, Leinier"]
[Black "Topalov, Veselin"]
[Result "1/2-1/2"]
[WhiteElo "2739"]
[BlackElo "2740"]
[Annotator "TA"]
[PlyCount "213"]
[EventDate "2019.02.09"]
[EventType "match"]
[EventCountry "USA"]
[SourceTitle "playchess.com"]
[Source "ChessBase"]
[SourceQuality "1"]

{[%evp 9,213,-3,4,14,11,16,85,87,96,94,82,90,92,78,81,97,102,72,71,63,57,76,106,37,60,53,66,65,75,25,57,33,80,71,75,63,69,66,51,28,57,52,55,43,39,30,86,88,83,75,75,0,111,111,106,93,62,53,54,61,91,91,123,95,100,0,0,0,9,0,0,0,0,-439,-465,-447,-472,-459,-456,-461,0,-419,-419,-487,-512,-654,-647,-651,-611,-1123,-1080,-1040,-989,-29999,-1009,-29969,-5762,-29962,-12821,-5435,-589,-589,-589,-589,-581,-567,-424,-434,-8,-8,-8,-8,0,0,0,0,0,0,0,0,0,0,0,-8,0,-8,-8,-8,-8,-8,0,0,0,-8,-8,-8,0,0,0,-8,-8,0,0,0,0,0,0,0,0,0,0,0,0,0,0,0,0,0,0,0,0,0,0,0,0,0,0,0,0,0,0,0,0,0,0,-8,-8,-8,-8,-8,0,0,0,0,0,-8,-8,-8,-8,-8,-8,-8,-8,-8,0,0,0,0,0,0,0,0,0,0,0,0]} 1. e4 c5 2. Nc3 d6 3. d4 cxd4 4. Qxd4 Nc6 5. Qd2 g6 6. b3 {B23: Closed Sicilian: Lines without g3} Bh6 7. f4 e5 (7... Nf6 $11) 8. Nb5 $1 $16 {White is better.} Bxf4 9. Qxd6 Qxd6 10. Nxd6+ Kf8 11. Ba3 $146 ({Predecessor:} 11. Bc4 Bxc1 12. Rxc1 {½-½ (58) Li,C (2724)-Sarana,A (2587) Qinhuangdao 2018}) 11... Nge7 12. Nf3 Kg7 13. g3 Be3 14. Nc4 Bh6 15. Ncxe5 Re8 16. Bb2 (16. Kf2 $16) 16... f6 $1 $14 17. Nc4 {[%cal Be5c4,Bc4d2,Bd2f1,Bf1e3][%mdl 32]} Nf5 18. Bd3 b5 19. Ncd2 Nd6 20. O-O a6 21. Rfe1 Nf7 22. a4 Rb8 23. axb5 axb5 24. Nf1 Nfe5 25. Nxe5 Nxe5 26. Bxe5 Rxe5 27. Kf2 Rb7 (27... Kg8 $11) 28. Ne3 $16 Rbe7 29. Nd5 $36 {[%mdl 2048] White has strong initiative.} Rf7 30. Ne3 (30. c4 $16) 30... Bb7 (30... Rfe7 $1 $11 {keeps the balance.}) 31. Ng4 Rh5 32. Nxh6 Rxh2+ 33. Kg1 Rxh6 34. Bxb5 Rh5 35. Bd3 f5 36. exf5 gxf5 {[#]} 37. Bc4 ({White should play} 37. Kf2 $1 $16) 37... Rd7 $11 38. Bd3 Kf6 39. Ra5 Rg7 40. Kf2 Rh2+ 41. Ke3 $2 {[%mdl 8192]} (41. Kf1 $11 {and White has nothing to worry.} Rh1+ 42. Kf2 Rh2+ 43. Kf1 Rh1+ 44. Kf2 Rh2+) 41... Re7+ $19 42. Kd4 Rxe1 43. Rxf5+ Kg7 44. Rg5+ Kf6 45. Rf5+ Ke7 46. Ra5 Kd6 47. Ra7 Re7 48. b4 Rg2 49. c4 Rxg3 50. c5+ Kc7 51. Bb5 Rg4+ (51... Re4# $142) 52. Kc3 Kb8 (52... Re3+ $142 53. Kd2 Rh3 54. Be2 Rd4+ 55. Kc1 Rxb4 56. Ra2 Rh1+ 57. Kd2 Rh2 58. Kd3 Re4 59. Rd2 {[#]} Rexe2 $1 {[%mdl 512]} 60. Rxe2 Ba6+ {[%mdl 64] Skewer} 61. Ke4 Bxe2 62. Ke3 h5 63. Kd4 h4 64. Ke5 h3 65. Kd5 Rg2 66. Kd4 h2 67. Ke4 h1=Q 68. Ke5 Qh4 69. Kd5 Bc4+ 70. Ke5 Re2+ 71. Kf5 Bd3#) 53. Ra1 Re3+ 54. Kd2 Rxb4 55. Kxe3 Rxb5 {[%mdl 4096] Endgame KRB-KR} 56. Rc1 Kc7 57. Rc2 Bc8 58. Kf4 Bd7 $2 (58... h5 $19 59. Kg5 Bg4) 59. Rh2 $11 {The position is equal.} Rb4+ (59... Rxc5 $2 60. Rxh7 Kd6 61. Rg7 $19) 60. Ke5 Rc4 61. Rxh7 Rxc5+ (61... Kc6 {seems wilder.} 62. Rh6+ Kb5 63. c6 Bc8 64. Rh8 Ba6) 62. Kf4 Kd6 63. Rh6+ Be6 64. Rh8 Rc4+ 65. Kg3 Ke5 66. Rf8 Rb4 67. Rf1 Bf5 68. Re1+ Be4 69. Re3 Kf5 70. Rc3 Ke5 71. Re3 Ra4 72. Rc3 Kd4 73. Rb3 Bd5 74. Rb2 Ra3+ 75. Kf4 Rf3+ 76. Kg4 Be4 77. Rb4+ Ke5 78. Rb5+ Kd6 79. Rb6+ Kc5 80. Rb8 Rf7 {And now ...Rf1 would win.} 81. Rd8 Bd5 {Strongly threatening ...Kd4.} 82. Kg5 Kd4 83. Kg4 Ke5 84. Re8+ Be6+ 85. Kg3 $1 Rf6 86. Rb8 Rg6+ 87. Kf2 Bd5 88. Rb4 Be4 89. Rb8 Rg2+ 90. Ke3 Rg3+ (90... Bc2 {keeps more tension.} 91. Rb5+ Kf6 92. Rb6+ Kf7 93. Rb7+ Kf8) 91. Kf2 Ra3 92. Rb2 Kf4 93. Rd2 Bd3 94. Ke1 Kf3 95. Rf2+ Ke4 96. Rb2 Kd4 97. Kd2 Bc4 {White must now prevent ...Re3.} 98. Rc2 Rh3 99. Rb2 Bb3 {Threatens to win with ...Rh2+.} 100. Kc1 Rh1+ (100... Kc3 $2 101. Rc2+ Kb4 102. Rf2 $19) 101. Kd2 Kc4 {...Rh2+ is the strong threat.} 102. Ke3 Kc3 103. Rg2 Bc2 {Hoping for ...Rh4.} 104. Rg7 Re1+ 105. Kf4 Bd3 106. Rc7+ Bc4 {aiming for ...Kd4.} 107. Rd7 {Accuracy: White = 56%, Black = 55%.} 1/2-1/2